Random U.S. States Backwards - Statistics

General Stats
  • This quiz has been taken 37 times
  • The average score is 12 of 12
Answer Stats
Backwards U.S. State % Correct
Amabala Alabama
100%
Aksala Alaska
100%
Anozira Arizona
100%
Sasnakra Arkansas
100%
Ainrofilac California
100%
Tucitcennoc Connecticut
100%
Erawaled Delaware
100%
Adirolf Florida
100%
Aigroeg Georgia
100%
Iiawah Hawaii
100%
Ohadi Idaho
100%
Sionilli Illinois
100%
Anaidni Indiana
100%
Awoi Iowa
100%
Sasnak Kansas
100%
Ykcutnek Kentucky
100%
Anaisiuol Louisiana
100%
Enaim Maine
100%
Dnalyram Maryland
100%
Sttesuhcassam Massachusetts
100%
Nagihcim Michigan
100%
Atosennim Minnesota
100%
Ippississim Mississippi
100%
Iruossim Missouri
100%
Anatnom Montana
100%
Adaven Nevada
100%
Erihspmah Wen New Hampshire
100%
Yesrej Wen New Jersey
100%
Ocixem Wen New Mexico
100%
Kroy Wen New York
100%
Anilorac Htron North Carolina
100%
Atokad Htron North Dakota
100%
Oiho Ohio
100%
Amohaklo Oklahoma
100%
Nogero Oregon
100%
Ainavlysnnep Pennsylvania
100%
Dnalsi Edohr Rhode Island
100%
Anilorac Htuos South Carolina
100%
Atokad Htuos South Dakota
100%
Eessennet Tennessee
100%
Saxet Texas
100%
Hatu Utah
100%
Ainigriv Virginia
100%
Notgnihsaw Washington
100%
Ainigriv Tsew West Virginia
100%
Nisnocsiw Wisconsin
100%
Gnimoyw Wyoming
100%
Odaroloc Colorado
88%
Aksarben Nebraska
80%
Tnomrev Vermont
67%
No matching quizzes found
Score Distribution
Percent of People with Each Score
Percentile by Number Answered
Your Score History
You have not taken this quiz